Score 0/30 Timer 03:00
0 Plays Today
% Correct
Dirty
95.9%
Lethal
94.7%
Friday
92.1%
Wide
91.6%
Women
91.4%
League
83.8%
Shot
83.5%
Right
83.4%
Wyatt
77.6%
Clash
77.2%
Rock
76.7%
Diamonds
76.2%
Darko
73.6%
Thunder
70.8%
Young
68.9%
% Correct
Samurai
58.3%
Finding
52.2%
Dawn
51.3%
Road
50.9%
House
48.1%
Soldiers
43.1%
Summer
27%
Knight
22.6%
Home
14.5%
Waking
13.7%
Love
13.3%
Girl
10.8%
Business
5.7%
Strange
4.1%
Fear
1.6%

Today's Daily Dose

Remove Ads.
Support Sporcle.
Get the best of Sporcle when you Go Orange. This ad-free experience offers more features, more stats, and more fun while also helping to support Sporcle. Thank you for becoming a member.

You're not logged in!

Compare scores with friends on all Sporcle quizzes.
OR
Log In

Show Comments

Extras

Top Quizzes Today


Score Distribution

Your Account Isn't Verified!

In order to create a playlist on Sporcle, you need to verify the email address you used during registration. Go to your Sporcle Settings to finish the process.

Report this User

Report this user for behavior that violates our Community Guidelines.

Details: